=LDR 00000nam 2200000 4500 =001 INLIS000000000000849 =005 20130612085254 =008 ***********************************Ind** =035 ##$$0010-061300000000849 =041 ##$$a Ind =082 ##$$a 92(Gandhi) =090 ##$$a 92(Gandhi), Nai-k =100 ##$$a Nair, Keshavan =245 ##$$a Kepemimpinan berstandar moral lebih tinggi, ajaran dari kehidupan Gandhi, Keshavan Nair; alih bahasa Hikmat Kusumaningrat =260 ##$$a 1997 $b Jakarta =300 ##$$a 44 hlm, 23 cm =650 ##$$a Gandhi, Mahatma =700 ##$$a Kusumaningrat, Hikmat =850 ##$$a NBPNMAT =990 ##$$a 15401540 =990 ##$$a 00093617 =990 ##$$a 01201901540